Normal view
MARC view
Entry Personal Name
001 - CONTROL NUMBER
- control field: 12637
003 - CONTROL NUMBER IDENTIFIER
- control field: ARRUPE
005 - DATE AND TIME OF LATEST TRANSACTION
- control field: 20141114112209.0
008 - FIXED-LENGTH DATA ELEMENTS
- fixed length control field: 141114|| aca||aabn | a|a d
040 ## - CATALOGING SOURCE
- Original cataloging agency: ARRUPE
- Transcribing agency: ARRUPE
100 ## - HEADING--PERSONAL NAME
- Personal name: Dugdale, Blanche E. C.
- Fuller form of name: (Blanche Elizabeth Campbell)
670 ## - SOURCE DATA FOUND
- Source citation: Work cat.: (ARRUPE)0: Treitschke, Heinrich von, 1834-1896. 12634, Politics /, 1963.